000
00268 a2200109 4500
001
51307
040
_c
Anchieta - Pituba
240
1
0
_a
Gincana interna Anchieta 2015
_l
245
1
0
_a
Gincana interna Anchieta 2015
650
4
_a
LĂnguas espanhola e portuguesa
942
_c
MX
999
_c
51307
_d
51307